Hidrogeología del Valle de Morelia, Mich., (Record no. 27506)
[ view plain ]
| 000 -LEADER | |
|---|---|
| fixed length control field | 01299cam a22002891 4500 |
| 001 - CONTROL NUMBER | |
| control field | gs 39000021 |
| 003 - CONTROL NUMBER IDENTIFIER | |
| control field | DLC |
| 005 - DATE AND TIME OF LATEST TRANSACTION | |
| control field | 20260227111344.0 |
| 008 - FIXED-LENGTH DATA ELEMENTS--GENERAL INFORMATION | |
| fixed length control field | 851004s1936 mx ab b 000 0 spa c |
| 010 ## - LIBRARY OF CONGRESS CONTROL NUMBER | |
| LC control number | gs 39000021 |
| 035 ## - SYSTEM CONTROL NUMBER | |
| System control number | (OCoLC)12634093 |
| 040 ## - CATALOGING SOURCE | |
| Original cataloging agency | U.S. Geol. Survey. Libr. |
| Transcribing agency | TxHR |
| Modifying agency | OCoLC |
| -- | DLC |
| 042 ## - AUTHENTICATION CODE | |
| Authentication code | premarc |
| 050 00 - LIBRARY OF CONGRESS CALL NUMBER | |
| Classification number | QE201 |
| Item number | .M4 t. 6 |
| 100 1# - MAIN ENTRY--PERSONAL NAME | |
| Personal name | Hernández, Apolinar. |
| 245 00 - TITLE STATEMENT | |
| Title | Hidrogeología del Valle de Morelia, Mich., |
| Statement of responsibility, etc. | por Apolinar Hernández. Hidrogeología de la zona de Tenango del Valle, Almoloya del Río, Amomolulco y sus vertientes en el Estado de México, por Apolinar Hernández y Luis Blásquez. |
| 260 ## - PUBLICATION, DISTRIBUTION, ETC. | |
| Place of publication, distribution, etc. | México, |
| Name of publisher, distributor, etc. | Tall. Gráf. de la Nación, |
| Date of publication, distribution, etc. | 1936. |
| 300 ## - PHYSICAL DESCRIPTION | |
| Extent | xi, 99 p. |
| Other physical details | illus., 3 fold. col. maps, tables. |
| Dimensions | 23 cm. |
| 490 1# - SERIES STATEMENT | |
| Series statement | Anales del Instituto de Geología, |
| Volume/sequential designation | t. 6 |
| 500 ## - GENERAL NOTE | |
| General note | At head of title: Universidad Nacional de México. Instituto de Geología. |
| 504 ## - BIBLIOGRAPHY, ETC. NOTE | |
| Bibliography, etc. note | "Glosario de términos geológicos usados en este tomo": p. [91]-99. |
| 650 #0 - SUBJECT ADDED ENTRY--TOPICAL TERM | |
| Topical term or geographic name entry element | Water-supply |
| Geographic subdivision | Mexico |
| -- | Michoacán de Ocampo. |
| 650 #0 - SUBJECT ADDED ENTRY--TOPICAL TERM | |
| Topical term or geographic name entry element | Geology |
| Geographic subdivision | Mexico |
| -- | Michoacán de Ocampo. |
| 650 #0 - SUBJECT ADDED ENTRY--TOPICAL TERM | |
| Topical term or geographic name entry element | Water-supply |
| Geographic subdivision | Mexico |
| -- | Mexico (State) |
| 650 #0 - SUBJECT ADDED ENTRY--TOPICAL TERM | |
| Topical term or geographic name entry element | Geology |
| Geographic subdivision | Mexico |
| -- | Mexico (State) |
| 810 2# - SERIES ADDED ENTRY--CORPORATE NAME | |
| Corporate name or jurisdiction name as entry element | Universidad Nacional. |
| Subordinate unit | Instituto de Geologia. |
| Title of a work | Anales ; |
| Volume/sequential designation | t. 6. |
No items available.